Caribbean approaches to economic stabilization

Gespeichert in:
Bibliographische Detailangaben
1. Verfasser: Hilaire, Alvin D. L.
Format: Buch
Sprache:Englisch
Veröffentlicht: Washington International Monetary Fund 2000
Schriftenreihe:IMF Working Paper WP/00/73
Schlagworte:
Tags: Tag hinzufügen
Keine Tags, Fügen Sie das erste Tag hinzu!

MARC

LEADER 00000nam a2200000 4500
001 c124239
005 20221221081748.7
041 0 |a eng 
044 |a US 
245 1 0 |a Caribbean approaches to economic stabilization  |c Alvin D. L. Hilaire 
264 1 |a Washington  |b International Monetary Fund  |c 2000 
300 |a 32 s. 
490 1 |a IMF Working Paper  |v WP/00/73 
830 0 |a IMF Working Paper  |v WP/00/73 
610 2 0 |a stabilizácia hospodárstva 
610 2 0 |a Barbados 
610 2 0 |a Guyana 
610 2 0 |a Jamajka 
610 2 0 |a Trinidad a Tobago 
610 2 0 |a Karibská oblasť 
610 2 0 |a zmeny štruktúrne 
100 1 |a Hilaire, Alvin D. L.